书目信息 |
| 题名: |
材料力学(I)
|
|
| 作者: | 傅衣铭 , 龙述尧 编著 | |
| 分册: | ||
| 出版信息: | 长沙 湖南大学出版社 1999.11 |
|
| 页数: | 242页 | |
| 开本: | 26cm | |
| 丛书名: | ||
| 单 册: | ||
| 中图分类: | TB301 | |
| 科图分类: | ||
| 主题词: | 材料力学--cai liao li xue--高等学校--教材 | |
| 电子资源: | ||
| ISBN: | 7-81053-190-5 | |
| 000 | 00851nam0 2200289 450 | |
| 001 | CAL 012000928075 | |
| 005 | 20050703104644.47 | |
| 010 | @a7-81053-190-5@b1@dCNY 20.00 | |
| 010 | @a7-81053-191-3@bⅡ@dCNY15.00 | |
| 099 | @aCAL 012000928075 | |
| 100 | @a20000705d1999 em y0chiy0120 ea | |
| 101 | 0 | @achi |
| 102 | @aCN@b430000 | |
| 105 | @aa a 000yy | |
| 200 | 1 | @a材料力学(I)@Acai liao li xue(I)@f傅衣铭等编著@Ffu yi ming deng bian zhu |
| 210 | @a长沙@c湖南大学出版社@d1999.11 | |
| 215 | @a242页@c图@d26cm | |
| 314 | @a第Ⅱ册主编: 龙述尧 | |
| 320 | @a有书目。 | |
| 606 | 0 | @a材料力学@Acai liao li xue@x高等学校@j教材 |
| 690 | @aTB301@v4 | |
| 701 | 0 | @a傅衣铭@Afu yi ming@4编著 |
| 701 | 0 | @a龙述尧@Along shu yao@4主编 |
| 801 | 0 | @aCN@bNLC@c20050703 |
| 905 | @a10447@dTB301@eF974:1 | |
| 906 | @dCNY20.00@n0@r1 | |
| 998 | @aPUL | |
| 材料力学(I)/傅衣铭等编著.-长沙:湖南大学出版社,1999.11 |
| 242页:图;26cm |
| ISBN 7-81053-190-5(1):CNY 20.00 |
| ● |
| 相关链接 |
|
|
|
正题名:材料力学(I)
索取号:TB301/F974:1
 
预约/预借
| 序号 | 登录号 | 条形码 | 馆藏地/架位号 | 状态 | 备注 |
| 1 | 539845 | 205398452 | 自科库501/501自科库 10排3列4层/ [索取号:TB301/F974:1] | 在馆 | |
| 2 | 539846 | 205398461 | 自科库501/501自科库 10排3列4层/ [索取号:TB301/F974:1] | 在馆 | |
| 3 | 539847 | 205398470 | 自科库501/501自科库 10排3列4层/ [索取号:TB301/F974:1] | 在馆 |